000 01132nam0a2200301 4500
001 RU\NLR\bibl\1864241
005 20260406055209.0
010 _a978-5-9533-6179-8
_910000
021 _aRU
_b2011-104838
_97509
035 _a(NLR Aleph) 001854127
090 _a2442437
_c2442437
100 _a20120203d2011 |||y0rusy50 ca
101 1 _arus
_ceng
102 _aRU
105 _ac |||||||||
200 1 _aЛига Красного Цветка
_e[романы
_eперевод с английского]
_fЭмма Орци
210 _aМосква
_cВече
_d2011
215 _a507, [2] с.
_cпортр.
_d21
225 1 _aСерия исторических романов
327 1 _aСодерж.: Красный Цветок; Месть и любовь; Неуловимый; В борьбе за принца; Мученик идеи
686 _aШ6(4Вл)67-446{Лх1297-60}
700 1 _4070
_8rus
_7ca
_aОрчи
_bЭ.
_f1865-1947
_gЭммуска
_3RU\NLR\auth\779606
_9119426
801 0 _aRU
_bNLR
_c20120203
_gRCR
801 1 _aRU
_bNLR
_c20120203
942 _cBOOK
980 _aNB
980 _aNBR